ბათუმის შოთა რუსთაველის სახელმწიფო უნივერსიტეტის ბიბლიოთეკა

განმარტებები საქართველოს კანონზე "მეწარმეთა შესახებ" : (2022 წლის თებერვლის მდგომარეობით) / (ბიბ.ჩანაწერი № 58519)

000 -ლიდერი
ფიქსირებული სიგრძის საკონტროლო ველი 01326nam a22002057a 4500
003 - საკონტროლო ნომრის იდენტიფიკატორი
საკონტროლო ველი Ge_BSU
005 - ბოლო ოპერაციის თარიღი და დრო
საკონტროლო ველი 20220517124901.0
008 - ფიქსირებული სიგრძის მონაცემთა ელემენტები - ზოგადი ინფორმაცია
ფიქსირებული სიგრძის საკონტროლო ველი 220517s2022 ge ||||| |||| 00| 0 geo d
020 ## - წიგნის საერთაშორისო სტანდარტული ნომერი
International Standard Book Number 9789941841873
041 ## - ენის კოდი
Language code of text/sound track or separate title geo
080 ## - უნივერსალური ათობითი კლასიფიკაციის ინდექსი
Universal Decimal Classification number 346.26(479.22) გ-48
100 ## - მთავარი ჩანაწერი - პიროვნების სახელი
Personal name გიგუაშვილი გიორგი
9 (RLIN) 11992
245 ## - ცნობა სათაურის შესახებ
Title განმარტებები საქართველოს კანონზე "მეწარმეთა შესახებ" : (2022 წლის თებერვლის მდგომარეობით) /
Statement of responsibility, etc გიორგი გიგუაშვილი, გიორგი ჯუღელი.
264 ## - წარმოების, გამოცემის, დისტრიბუციის და სხვა ცნობები
გამოცემის, წარმოების, დისტრიბუციის... ადგილი თბილისი,
გამოცემის, წარმოების, დისტრიბუციის... თარიღი 2022.
300 ## - ფიზიკური აღწერა
Extent 404 გვ. ;
Other physical details 23 სმ.
500 ## - ზოგადი შენიშვნა
General note განმარტებები შეიქმნა ევროპის რეკონსტრუქციისა და განვითარების ბანკისა და საქართველოს ინვესტორთა საბჭოს სამდივნოს მხარდაჭერით
653 ## - INDEX TERM--UNCONTROLLED
Uncontrolled term განმარტებები საქართველოს კანონზე
700 ## - ADDED ENTRY--PERSONAL NAME
Personal name ჯუღელი, გიორგი
Relator term ავტორი
9 (RLIN) 13090
942 ## - ADDED ENTRY ELEMENTS (KOHA)
Source of classification or shelving scheme
Koha item type წიგნი
ეგზემპლარები
ჩამოწერის სტატუსი დაკარგული ეგზემპლარის სტატუსი კლასიფიკაციის წყარო ან თაროზე გაწყობის სქემა დაზიანების სტატუსი არ გაიცემა მუდმივი მდებარეობა (დაცვის ადგილი) ამჟამინდელი ადგილსამყოფელი თაროზე განთავსების ადგილი შეძენის თარიღი ღირებულება, შესყიდვის ნორმალური ფასი სრული შენახვის შიფრი შტრიხკოდი ბოლო ოპერაციის თარიღი ეგზემპლარის მიმდევრობითი ნომერი (კეტერი?) ფასის ძალაში შესვლის თარიღი ეგზემპლარის სახეობა საჯარო შენიშვნა
          ბათუმის შოთა რუსთაველის სახელმწიფო უნივერსიტეტის მთავარი ბიბლიოთეკა ბათუმის შოთა რუსთაველის სახელმწიფო უნივერსიტეტის მთავარი ბიბლიოთეკა წიგნსაცავი 2022-05-17 30.00 346.26(479.22) გ-48 62358 2022-05-17 62358 2022-05-17 წიგნი 30 ლ.
          ბათუმის შოთა რუსთაველის სახელმწიფო უნივერსიტეტის მთავარი ბიბლიოთეკა ბათუმის შოთა რუსთაველის სახელმწიფო უნივერსიტეტის მთავარი ბიბლიოთეკა წიგნსაცავი 2022-05-17 30.00 346.26(479.22) გ-48 62359 2022-05-17 62359 2022-05-17 წიგნი 30 ლ.